Управление развитием энергетического сектора экономики России (Вопросы теории, методологии, практики)

Détails bibliographiques
Auteur principal: Федоров Д. В. Денис Владимирович
Résumé:В книге проанализированы особенности развития энергетического сектора России на современной этапе. Раскрыты проблемы ресурсного, финансового, технологического обеспечения отечественной энергетики и ее зависимости от мировых цен на энергоресурсы. Особое внимание уделено анализу уровня конкурентоспособности электроэнергетики в федеральных округах России, на основании которого сформирована матрица рекомендуемых благоприятных направлений стратегии развития территориальной энергетической политики. Проведена глубокая проработка вопросов анализа влияния компаний энергетического сектора на уровень социально-экономического развития в государстве. С этой целью обосновано использование имитационного под­хода для решения широкого круга задач, связанного с управлением пред­приятиями энергетического сектора. Использование имитационного под­хода апробировано для оценки, анализа и прогнозирования эффективности компаний энергетического сектора на примере ООО «Газпром энергохол­динг». С помощью ими­тации выявлены ключевые рычаги влияния на эффективность компании. Построены прогнозы развития энергетической компании, на основе имита­ционной модели, даны рекомендации по повышению эффективности рабо­ты сектора.
Langue:russe
Publié: Москва, Экономика, 2014
Sujets:
Format: MixedMaterials Livre
KOHA link:https://koha.lib.tpu.ru/cgi-bin/koha/opac-detail.pl?biblionumber=292643

MARC

LEADER 00000nam0a2200000 4500
001 292643
005 20231102000521.0
010 |a 9785282033632 
035 |a (RuTPU)RU\TPU\book\317279 
090 |a 292643 
100 |a 20150423d2014 k y0rusy50 ca 
101 0 |a rus 
102 |a RU 
105 |a y z 001zy 
200 1 |a Управление развитием энергетического сектора экономики России (Вопросы теории, методологии, практики)  |f Д. В. Федоров 
210 |a Москва  |c Экономика  |d 2014 
215 |a 326 с. 
320 |a Библиогр.: с. 317-326. 
330 |a В книге проанализированы особенности развития энергетического сектора России на современной этапе. Раскрыты проблемы ресурсного, финансового, технологического обеспечения отечественной энергетики и ее зависимости от мировых цен на энергоресурсы. Особое внимание уделено анализу уровня конкурентоспособности электроэнергетики в федеральных округах России, на основании которого сформирована матрица рекомендуемых благоприятных направлений стратегии развития территориальной энергетической политики. Проведена глубокая проработка вопросов анализа влияния компаний энергетического сектора на уровень социально-экономического развития в государстве. С этой целью обосновано использование имитационного под­хода для решения широкого круга задач, связанного с управлением пред­приятиями энергетического сектора. Использование имитационного под­хода апробировано для оценки, анализа и прогнозирования эффективности компаний энергетического сектора на примере ООО «Газпром энергохол­динг». С помощью ими­тации выявлены ключевые рычаги влияния на эффективность компании. Построены прогнозы развития энергетической компании, на основе имита­ционной модели, даны рекомендации по повышению эффективности рабо­ты сектора. 
606 1 |a Энергетика  |x Экономика  |2 stltpush  |3 (RuTPU)RU\TPU\subj\21211  |9 46235 
610 1 |a энергетический сектор 
610 1 |a экономика 
610 1 |a управление 
610 1 |a Россия 
610 1 |a государственная энергетическая политика 
610 1 |a федеральные округа 
610 1 |a стратегическое развитие 
610 1 |a холдинговые структуры 
610 1 |a стратегическое управление 
610 1 |a Газпром энергохолдинг 
610 1 |a энергетические предприятия 
610 1 |a прогнозирование 
610 1 |a оценка 
675 |a 620.9:658  |v 4 
700 1 |a Федоров  |b Д. В.  |g Денис Владимирович 
801 1 |a RU  |b 63413507  |c 20150423 
801 2 |a RU  |b 63413507  |c 20150820  |g RCR 
900 |a Экономика энергетики 
942 |c BK 
959 |a 58/20150423  |d 1  |e 480,00  |f ЧЗТЛ:1